Čína:  Potenciálna ekonomická veľmoc diplomová práca

Uložené v:
Podrobná bibliografia
Hlavný autor: Slobodová, Tatiana
Korporativný autor: Obchodná fakulta EU. Katedra medzinárodného obchodu
Ďalší autori: Obadi, Saleh Mothana
Médium: Kniha
Jazyk:Slovak
Vydavateľské údaje: Bratislava 2011
Tagy: Pridať tag
Žiadne tagy, Buďte prvý, kto otaguje tento záznam!

MARC

LEADER 00000nbm a2200000 4500
001 0131982
005 20230113074101.3
041 0 |a slo 
044 |a SK 
245 1 0 |a Čína:  Potenciálna ekonomická veľmoc  |b diplomová práca  |c Tatiana Slobodová ; školiteľ: Saleh Mothana Obadi 
264 1 |a Bratislava  |c 2011 
300 |a 80 s. 
100 1 |a Slobodová, Tatiana 
700 1 |a Obadi, Saleh Mothana 
710 2 |a Obchodná fakulta EU. Katedra medzinárodného obchodu